| 000 | 00883nam a2200253Ia 4500 | ||
|---|---|---|---|
| 003 | OSt | ||
| 005 | 20220923211459.0 | ||
| 006 | a|||||r|||| 00| 0 | ||
| 007 | ta | ||
| 008 | 220922b |||||||| |||| 00| 0 pan d | ||
| 020 |
_a9789352040018 (hbk) _c395 |
||
| 024 | _a336,483 | ||
| 037 |
_b1023, 08/03/2018, H.K. Prakashan _cTextual |
||
| 040 |
_aARTS _cARTS _bpan |
||
| 041 |
_2pan _apan |
||
| 082 | _aY:1(MY).243, 153Q6 | ||
| 100 | _aਗੁਰਵੰਤ ਸਿੰਘ, ਂਚ. | ||
| 245 | 0 | _aਖੇਡ,ਖਿਡੌਣੇ ਅਤੇ ਪੰਜਾਬੀ ਸਭਿਆਚਾਰ | |
| 260 |
_aਚੰਡੀਗੜ _b ਲੋਕਗੀਤ ਪ੍ਰਕਾFਨ _c2016 |
||
| 300 |
_a169ਪ0 _ccm. |
||
| 650 | _aਖੇਡਾਂ | ||
| 942 |
_hY:1(MY).243, 153Q6 _cTEXL _2CC |
||
| 999 |
_c299969 _d299969 |
||